Vestník Úradu priemyselného vlastníctva Slovenskej republiky Patenty Európske patenty s určením pre Slovenskú republiku Dodatkové ochranné osvedčenia Úžitkové vzory Topografie polovodičových výrobkov Dizajny Ochranné známky Označenia pôvodu výrobkov

Bibliographic Details
New Title:Vestník Úradu priemyselného vlastníctva Slovenskej republiky
Format: Journal
Language:Slovak
PhysicalDescription:15 zv. 29 cm
Published: Banská Bystrica Úrad priemyselného vlastníctva Slovenskej republiky 1993-2007
ISSN:1335-0129
1337-6012
Subjects:

MARC

LEADER 00000cas a2200000 a 4500
001 vtls001466538
003 SK-MaSNL
005 20260425194101.0
008 040119d19932007xo mr|p r 0 0b0slo
022 |a 1335-0129 
035 |a SNK000421843 
035 |a (SVKBB03)vtls000030071 
040 |a SNK  |b slo  |c SNK  |d STUSCHK1  |d SVKBB  |d SNK  |e AACR2 
041 0 |a slo 
043 |a e-xo--- 
044 |a xo  |c SK 
072 7 |a 347.7  |x Obchodné právo. Finančné právo. Právo priemyselného vlastníctva. Patentové právo. Autorské právo  |2 konspekt 
080 |a 347.77  |2 2011 
080 |a (437.6)  |2 2011 
080 |a 050  |2 2001 
080 |a (055)  |2 2011 
210 0 |a Vestník  |b (Úrad priem. vlastn. Slov. repub.) 
222 0 |a Vestník  |b (Úrad priemyselného vlastníctva Slovenskej republiky) 
245 0 0 |a Vestník Úradu priemyselného vlastníctva Slovenskej republiky  |p Patenty  |p Európske patenty s určením pre Slovenskú republiku  |p Dodatkové ochranné osvedčenia  |p Úžitkové vzory  |p Topografie polovodičových výrobkov  |p Dizajny  |p Ochranné známky  |p Označenia pôvodu výrobkov 
246 3 3 |a Vestník ÚPV SR 
247 0 1 |a Vestník Úradu priemyselného vlastníctva Slovenskej republiky  |f 1993-2000 
247 0 1 |a Vestník Úradu priemyselného vlastníctva Slovenskej republiky  |p Vynálezy  |p Úžitkové vzory  |p Topografie polovodičových výrobkov  |p Priemyselné vzory  |p Ochranné známky  |p Označenie pôvodu výrobkov  |f 2001-2005 
260 |a Banská Bystrica  |b Úrad priemyselného vlastníctva Slovenskej republiky  |c 1993-2007 
300 |a 15 zv.  |c 29 cm 
310 |a 1x mesačne 
362 0 |a 1993-2007 
500 |a Popis podľa r. 2007 
500 |a V r. 2008-2015 vychádza elektronická verzia na CD-ROMe 
500 |a Od r. 2016 vychádza už len v elektronickej podobe 
650 0 7 |a priemyselné vlastníctvo  |2 SNKPH  |9 2699 
651 7 |a Slovensko  |2 SNKPHgeo  |9 14231 
655 7 |a vestníky  |2 SNKPH  |9 70701 
710 1 |a Slovensko.  |b Úrad priemyselného vlastníctva  |4 pbl  |9 32446 
785 0 0 |t Vestník Úradu priemyselného vlastníctva Slovenskej republiky  |x 1337-6012 
850 |a Slovenská národná knižnica v Martine 
850 |a Slovenská chemická knižnica v Bratislave 
910 |a SCHK95 
910 |a snk 
999 |c 3586  |d 5516 
952 |t č. 7-9  |a SNK  |b SNK  |y PREZ  |7 0  |p 17A0548005  |o snkČSB 4418/2004/3  |i snk2007/14259  |8 0  |0 0  |1 0  |4 0  |d 2007-05-31  |l 0  |r 2026-02-21 20:08:47  |w 2026-02-21 
952 |t č. 10-12  |a SNK  |b SNK  |y PREZ  |7 0  |p 17A0563363  |o snkČSB 4418/2006/4  |i snk2008/4046  |8 0  |0 0  |1 0  |4 0  |d 2008-02-18  |l 0  |r 2026-02-21 20:14:52  |w 2026-02-21 
952 |t č. 1-3  |a SNK  |b SNK  |y PREZ  |7 0  |p 17A0548001  |o snkČSB 4418/2004/1  |i snk2007/14255  |8 0  |0 0  |1 0  |4 0  |d 2007-05-31  |l 0  |r 2026-02-21 20:20:42  |w 2026-02-21 
952 |t č. 1-3, neúplné  |a SNK  |b SNK  |y PREZ  |7 0  |p 17A0548002  |o snkČSB 4418/2004/1 D1  |i snk2007/14256  |8 0  |z Chýba č. 1  |0 0  |1 0  |4 0  |d 2007-05-31  |l 0  |r 2026-02-21 20:20:42  |w 2026-02-21 
952 |t č. 4-6  |a SNK  |b SNK  |y PREZ  |7 0  |p 17A0548003  |o snkČSB 4418/2004/2  |i snk2007/14257  |8 0  |0 0  |1 0  |4 0  |d 2007-05-31  |l 0  |r 2026-02-21 20:20:42  |w 2026-02-21 
952 |t č. 7-9  |a SNK  |b SNK  |y PREZ  |7 0  |p 17A0548006  |o snkČSB 4418/2004/3 D1  |i snk2007/14260  |8 0  |0 0  |1 0  |4 0  |d 2007-05-31  |l 0  |r 2026-02-21 20:20:42  |w 2026-02-21 
952 |t č. 10-12  |a SNK  |b SNK  |y PREZ  |7 0  |p 17A0548007  |o snkČSB 4418/2004/4  |i snk2007/14261  |8 0  |0 0  |1 0  |4 0  |d 2007-05-31  |l 0  |r 2026-02-21 20:20:42  |w 2026-02-21 
952 |t č. 10-12  |a SNK  |b SNK  |y PREZ  |7 0  |p 17A0548008  |o snkČSB 4418/2004/4 D1  |i snk2007/14262  |8 0  |0 0  |1 0  |4 0  |d 2007-05-31  |l 0  |r 2026-02-21 20:20:42  |w 2026-02-21 
952 |t č. 1-3  |a SNK  |b SNK  |y PREZ  |7 0  |p 17A0548009  |o snkČSB 4418/2005/1  |i snk2007/14263  |8 0  |0 0  |1 0  |4 0  |d 2007-05-31  |l 0  |r 2026-02-21 20:20:43  |w 2026-02-21 
952 |t č. 1-3  |a SNK  |b SNK  |y PREZ  |7 0  |p 17A0548010  |o snkČSB 4418/2005/1 D1  |i snk2007/14264  |8 0  |0 0  |1 0  |4 0  |d 2007-05-31  |l 0  |r 2026-02-21 20:20:46  |w 2026-02-21 
952 |t č. 4-6  |a SNK  |b SNK  |y PREZ  |7 0  |p 17A0548011  |o snkČSB 4418/2005/2  |i snk2007/14265  |8 0  |0 0  |1 0  |4 0  |d 2007-05-31  |l 0  |r 2026-02-21 20:20:46  |w 2026-02-21 
952 |t č. 4-6  |a SNK  |b SNK  |y PREZ  |7 0  |p 17A0548012  |o snkČSB 4418/2005/2 D1  |i snk2007/14266  |8 0  |0 0  |1 0  |4 0  |d 2007-05-31  |l 0  |r 2026-02-21 20:20:46  |w 2026-02-21 
952 |t č. 7-9  |a SNK  |b SNK  |y PREZ  |7 0  |p 17A0548013  |o snkČSB 4418/2005/3  |i snk2007/14267  |8 0  |0 0  |1 0  |4 0  |d 2007-05-31  |l 0  |r 2026-02-21 20:20:46  |w 2026-02-21 
952 |t č. 7-9  |a SNK  |b SNK  |y PREZ  |7 0  |p 17A0548014  |o snkČSB 4418/2005/3 D1  |i snk2007/14269  |8 0  |0 0  |1 0  |4 0  |d 2007-05-31  |l 0  |r 2026-02-21 20:20:46  |w 2026-02-21 
952 |t č. 10-12  |a SNK  |b SNK  |y PREZ  |7 0  |p 17A0548015  |o snkČSB 4418/2005/4  |i snk2007/14270  |8 0  |0 0  |1 0  |4 0  |d 2007-05-31  |l 0  |r 2026-02-21 20:20:46  |w 2026-02-21 
952 |t č. 10-12  |a SNK  |b SNK  |y PREZ  |7 0  |p 17A0548016  |o snkČSB 4418/2005/4 D1  |i snk2007/14271  |8 0  |0 0  |1 0  |4 0  |d 2007-05-31  |l 0  |r 2026-02-21 20:20:46  |w 2026-02-21 
952 |t č. 4-6  |a SNK  |b SNK  |y PREZ  |7 0  |p 17A0548004  |o snkČSB 4418/2004/2 D1  |i snk2007/14258  |8 0  |0 0  |1 0  |4 0  |d 2007-05-31  |l 0  |r 2026-02-21 20:29:02  |w 2026-02-21 
952 |t č. 1-7  |a SNK  |b SNK  |y PREZ  |7 0  |p 17A0255323  |o snkČSB 4418/1994/1  |0 0  |1 0  |4 0  |d 2000-11-03  |l 0  |r 2005-01-02 00:00:00  |w 2026-02-21 
952 |t č. 8-12  |a SNK  |b SNK  |y PREZ  |7 0  |p 17A0255720  |o snkČSB 4418/1994/2  |0 0  |1 0  |4 0  |d 2000-11-03  |l 0  |r 2005-01-02 00:00:00  |w 2026-02-21 
952 |t č. 1-4  |a SNK  |b SNK  |y PREZ  |7 0  |p 17A0255721  |o snkČSB 4418/1995/1  |0 0  |1 0  |4 0  |d 2000-11-03  |l 0  |r 2005-01-02 00:00:00  |w 2026-02-21 
952 |t č. 1-4  |a SNK  |b SNK  |y PREZ  |7 0  |p 17A0323672  |o snkČSB 4418/1998/1 D1  |i snkČSP 461/99  |0 0  |1 0  |4 0  |d 2001-12-14  |l 0  |r 2005-01-02 00:00:00  |w 2026-02-21 
952 |t č. 5-8  |a SNK  |b SNK  |y PREZ  |7 0  |p 17A0255726  |o snkČSB 4418/1995/2  |0 0  |1 0  |4 0  |d 2000-11-03  |l 0  |r 2005-01-02 00:00:00  |w 2026-02-21 
952 |t č. 5-8  |a SNK  |b SNK  |y PREZ  |7 0  |p 17A0323925  |o snkČSB 4418/1998/2 D1  |i snkČSP 463/99  |0 0  |1 0  |4 0  |d 2001-12-14  |l 0  |r 2005-01-02 00:00:00  |w 2026-02-21 
952 |t č. 9-12  |a SNK  |b SNK  |y PREZ  |7 0  |p 17A0255730  |o snkČSB 4418/1995/3  |0 0  |1 0  |4 0  |d 2000-11-03  |l 0  |r 2005-01-02 00:00:00  |w 2026-02-21 
952 |t č. 9-12  |a SNK  |b SNK  |y PREZ  |7 0  |p 17A0323559  |o snkČSB 4418/1998/3 D1  |i snkČSP 465/99  |0 0  |1 0  |4 0  |d 2001-12-14  |l 0  |r 2005-01-02 00:00:00  |w 2026-02-21 
952 |t č. 1-3  |a SNK  |b SNK  |y PREZ  |7 0  |p 17A0563357  |o snkČSB 4418/2006/1  |i snk2008/4036  |8 0  |0 0  |1 0  |4 0  |d 2008-02-18  |l 0  |r 2026-02-21 20:39:01  |w 2026-02-21 
952 |t č. 1-3  |a SNK  |b SNK  |y PREZ  |7 0  |p 17A0563358  |o snkČSB 4418/2006/1 D1  |i snk2008/4038  |8 0  |0 0  |1 0  |4 0  |d 2008-02-18  |l 0  |r 2026-02-21 20:39:01  |w 2026-02-21 
952 |t č. 4-6  |a SNK  |b SNK  |y PREZ  |7 0  |p 17A0563359  |o snkČSB 4418/2006/2  |i snk2008/4040  |8 0  |0 0  |1 0  |4 0  |d 2008-02-18  |l 0  |r 2026-02-21 20:39:01  |w 2026-02-21 
952 |t č. 4-6  |a SNK  |b SNK  |y PREZ  |7 0  |p 17A0563360  |o snkČSB 4418/2006/2 D1  |i snk2008/4041  |8 0  |0 0  |1 0  |4 0  |d 2008-02-18  |l 0  |r 2026-02-21 20:39:01  |w 2026-02-21 
952 |t č. 7-9  |a SNK  |b SNK  |y PREZ  |7 0  |p 17A0563361  |o snkČSB 4418/2006/3  |i snk2008/4042  |8 0  |0 0  |1 0  |4 0  |d 2008-02-18  |l 0  |r 2026-02-21 20:39:01  |w 2026-02-21 
952 |t č. 7-9, neúplné  |a SNK  |b SNK  |y PREZ  |7 0  |p 17A0563362  |o snkČSB 4418/2006/3 D1  |i snk2008/4043  |8 0  |z Chýba č. 8.  |0 0  |1 0  |4 0  |d 2008-02-18  |l 0  |r 2026-02-21 20:39:01  |w 2026-02-21 
952 |t č. 10-12  |a SNK  |b SNK  |y PREZ  |7 0  |p 17A0563364  |o snkČSB 4418/2006/4 D1  |i snk2008/4047  |8 0  |0 0  |1 0  |4 0  |d 2008-02-18  |l 0  |r 2026-02-21 20:39:01  |w 2026-02-21 
952 |t č. 1-3  |a SNK  |b SNK  |y PREZ  |7 0  |p 17A1340869  |o snkČSB 4418/2007/1  |i snk2018/24403  |8 0  |0 0  |1 0  |4 0  |d 2018-11-19  |l 0  |r 2026-02-21 22:05:57  |w 2026-02-21 
952 |t č. 1-3  |a SNK  |b SNK  |y PREZ  |7 0  |p 17A1340868  |o snkČSB 4418/2007/1 D1  |i snk2018/24405  |8 0  |0 0  |1 0  |4 0  |d 2018-11-19  |l 0  |r 2026-02-21 22:05:57  |w 2026-02-21 
952 |t č. 4-6  |a SNK  |b SNK  |y PREZ  |7 0  |p 17A1340867  |o snkČSB 4418/2007/2  |i snk2018/24406  |8 0  |0 0  |1 0  |4 0  |d 2018-11-19  |l 0  |r 2026-02-21 22:05:57  |w 2026-02-21 
952 |t č. 4-6  |a SNK  |b SNK  |y PREZ  |7 0  |p 17A1340866  |o snkČSB 4418/2007/2 D1  |i snk2018/24409  |8 0  |0 0  |1 0  |4 0  |d 2018-11-19  |l 0  |r 2026-02-21 22:05:57  |w 2026-02-21 
952 |t č. 7-9  |a SNK  |b SNK  |y PREZ  |7 0  |p 17A1340865  |o snkČSB 4418/2007/3  |i snk2018/24410  |8 0  |0 0  |1 0  |4 0  |d 2018-11-19  |l 0  |r 2026-02-21 22:05:57  |w 2026-02-21 
952 |t č. 7-9  |a SNK  |b SNK  |y PREZ  |7 0  |p 17A1340864  |o snkČSB 4418/2007/3 D1  |i snk2018/24411  |8 0  |0 0  |1 0  |4 0  |d 2018-11-19  |l 0  |r 2026-02-21 22:05:57  |w 2026-02-21 
952 |t č. 10-12, neúplné  |a SNK  |b SNK  |y PREZ  |7 0  |p 17A1340863  |o snkČSB 4418/2007/4  |i snk2018/24414  |8 0  |z Chýba č. 10  |0 0  |1 0  |4 0  |d 2018-11-19  |l 0  |r 2026-02-21 22:05:57  |w 2026-02-21 
952 |t č. 10-12, neúplné  |a SNK  |b SNK  |y PREZ  |7 0  |p 17A1340862  |o snkČSB 4418/2007/4 D1  |i snk2018/24415  |8 0  |z Chýba č. 10  |0 0  |1 0  |4 0  |d 2018-11-19  |l 0  |r 2026-02-21 22:05:57  |w 2026-02-21